01476nam a2200337 a 4500001001000000003000500010005001700015008004100032010001100073011001100084040000900095090001000104100003400114245013200148260004100280500006000321502009000381590004100471590004100512590004000553590004000593650005400633650006300687856007000750901000700820942001000827942000600837999001900843952013600862952014000998000112959CHAP20220329144330.0170227s2016 mx sm |||||||spa d a109420 a110392 cCHAP aTesis1 aRuiz Ortega, Maricela913163510aPolimorfismos de Hsp y BoLA en las razas Jersey y criollo lechero tropical de Méxicoh[En línea]cpor Maricela Ruiz Ortega. aChapingo, Méx. :bEl autor,c2016. aPara ver el contenido del material haga clic en la liga aTesis (Ph.D. en Ciencias en Innovación Ganadera) -- UACH. Departamento de Zootecnia aE11695DGDb10c20170227lUCH01h1340 aE11695DGDb10c20170306lUCH01h0933 aE5765TAJb05c20170301lUCH01h1137 aE5765TAJb05c20170301lUCH01h113714aGanado vacunoxPolimorfismos genéticos.913163714aGanado vacunoxTemperatura corporalxRegulación.9131636 aFinding aiduhttp://10.13.5.2/tesis/sist112959.pdfzTeclea aquí aBK cTESIS n0 c109420d109420 00104054718TESISaBCbBCd2017-03-01fTESISl0oTesisp33724002526967r2019-12-31 00:00:00w2019-12-31yTESISzRecien adquirido 00102local4053708TESISaBCbBCcPA_TESISd2017-03-01fTESISl0oTesisp33724002527009r2019-12-31 00:00:00tc.2w2019-12-31yTESIS